<?xml version="1.0" encoding="UTF-8"?>
<collection xmlns="http://www.loc.gov/MARC21/slim">
 <record>
  <leader>01326nam a2200205Ia 4500</leader>
  <controlfield tag="001">CTU_16544</controlfield>
  <controlfield tag="008">210402s9999    xx            000 0 und d</controlfield>
  <datafield tag="020" ind1=" " ind2=" ">
   <subfield code="b">26500đ</subfield>
  </datafield>
  <datafield tag="082" ind1=" " ind2=" ">
   <subfield code="a">613.7</subfield>
  </datafield>
  <datafield tag="082" ind1=" " ind2=" ">
   <subfield code="b">V300</subfield>
  </datafield>
  <datafield tag="100" ind1=" " ind2=" ">
   <subfield code="a">Nhan Vĩ</subfield>
  </datafield>
  <datafield tag="245" ind1=" " ind2="0">
   <subfield code="a">Tự chữa bệnh bằng phương pháp dưỡng sinh</subfield>
  </datafield>
  <datafield tag="245" ind1=" " ind2="0">
   <subfield code="c">Nhan Vĩ, Minh Hoa, Tăng Đại Minh; Dịch giả: Nguyễn Trung Thuần</subfield>
  </datafield>
  <datafield tag="260" ind1=" " ind2=" ">
   <subfield code="a">Hà Nội</subfield>
  </datafield>
  <datafield tag="260" ind1=" " ind2=" ">
   <subfield code="b">Y học</subfield>
  </datafield>
  <datafield tag="260" ind1=" " ind2=" ">
   <subfield code="c">1996</subfield>
  </datafield>
  <datafield tag="520" ind1=" " ind2=" ">
   <subfield code="a">Cuốn sách dựa trên cơ sở thành tựu của bộ môn y học dưàng sinh trong một số nước như: Mỹ, Đức, Liên-xô ( cũ ), Nhật, Pháp. Sách viết theo tuần tự từ thấp đến cao, thiết thực, mang tính ứng dụng như: rèn luyện bằng phương pháp dưàng sinh thực liệu, phương pháp khí công, phương pháp quyền, liệu pháp tâm lí thần kinh, phương pháp luận chứng đoán bệnh...là những phương pháp dưàng sinh tối ưu, tốn ít thời gian nhưng hiệu quả nhanh.</subfield>
  </datafield>
  <datafield tag="650" ind1=" " ind2=" ">
   <subfield code="a">gymnastics, medical,physical fitness</subfield>
  </datafield>
  <datafield tag="904" ind1=" " ind2=" ">
   <subfield code="i">Nguyễn Quang Điền, 970530</subfield>
  </datafield>
  <datafield tag="980" ind1=" " ind2=" ">
   <subfield code="a">Trung tâm Học liệu Trường Đại học Cần Thơ</subfield>
  </datafield>
 </record>
</collection>
